Sistemas de producción : planeación, análisis y control
محفوظ في:
| المؤلف الرئيسي: | |
|---|---|
| التنسيق: | كتاب |
| منشور في: |
México : Editorial Limusa
1990
|
| الوسوم: |
إضافة وسم
لا توجد وسوم, كن أول من يضع وسما على هذه التسجيلة!
|
MARC
| LEADER | 00000nam a2200000Ia 4500 | ||
|---|---|---|---|
| 003 | 000485 | ||
| 005 | 20221231144006.0 | ||
| 008 | 140114s1990 m a 000 ||s d | ||
| 020 | |a 9681802780 | ||
| 040 | |c cru CEDI | ||
| 082 | |a 658.5 R569s | ||
| 100 | |a Riggs, James L. |9 18595 | ||
| 245 | |a Sistemas de producción : planeación, análisis y control | ||
| 260 | |a México : Editorial Limusa |c 1990 | ||
| 300 | |a 683 páginas; ilustraciones | ||
| 500 | |a Traducción de: Production systems--Reimpresiones: 1977, 1980, 1981, 1982, 1984, 1988, 1990 | ||
| 942 | |2 ddc |c BK | ||
| 999 | |c 15306 |d 15306 | ||



